Bardejovské kúpele

Rozhovor s riaditeľom Bardejovských kúpeľov Ing. V. Hviščom. Problémy a perspektívy Bardejovských kúpeľov. Štruktúra a kvalita služieb. Klientela kúpeľov. Regionálna spolupráca s poľskými cestovnými kanceláriami. Spolupráca kúpeľov s mestom Bardejov. Kvalita legislatívy, ktorá upravuje podmienky kúp...

ver descrição completa

Na minha lista:
Detalhes bibliográficos
Autor principal: Hvišč, Viktor
Outros Autores: Novosád, František
Formato: Capítulo de Livro
Idioma:eslovaco
Assuntos:
Tags: Adicionar Tag
Sem tags, seja o primeiro a adicionar uma tag!

MARC

LEADER 00000naa a2200000 4500
001 r027155
005 20230606081436.0
041 0 |a slo 
044 |a SK 
245 1 0 |a Bardejovské kúpele  |c V. Hvišč, F. Novosád 
520 |a Rozhovor s riaditeľom Bardejovských kúpeľov Ing. V. Hviščom. Problémy a perspektívy Bardejovských kúpeľov. Štruktúra a kvalita služieb. Klientela kúpeľov. Regionálna spolupráca s poľskými cestovnými kanceláriami. Spolupráca kúpeľov s mestom Bardejov. Kvalita legislatívy, ktorá upravuje podmienky kúpeľníctva na Slovensku. 
610 2 0 |a Bardejovské kúpele 
610 2 0 |a financovanie 
610 2 0 |a investície 
610 2 0 |a služby 
610 2 0 |a klienti 
610 2 0 |a kúpele 
610 2 0 |a Slovensko 
610 2 0 |a legislatíva 
610 2 0 |a propagácia 
100 1 |a Hvišč, Viktor 
700 1 |a Novosád, František